Name The Somali Celibrity - Statistics

General Stats
  • This quiz has been taken 5 times
  • The average score is 7 of 16
Answer Stats
Picture Answer % Correct
Mo Farah
100%
Asad Hagio
75%
Coldoon
75%
Dhakhtar
50%
Happy Ahmed Hilwa
50%
Qays Qayser
50%
Shabalaala
50%
Shiine Culay
50%
Abdullahi Akanuu
25%
Abwaan Hadraawi
25%
Ashqar Boy
25%
Diini
25%
Hanad Adam
25%
Isaaq Awale
25%
Nataasha
25%
Qooma
25%
No matching quizzes found
Score Distribution
Percent of People with Each Score
Percentile by Number Answered
Your Score History
You have not taken this quiz